000 004020000a22001690004500
003 MACL
005 20160113131300.0
008 160113b xxu||||| |||| 00| 0 eng d
040 _aMACL
_cMACL
041 _aEnglish
082 _a962/YOU
100 _aYoung, George
_931751
245 _aEgypt
260 _bErnest Benn Limited
_c1930
_aLondon
650 _aHistory
_931752
942 _cBK
_k962/You
_2ddc
999 _c36571
_d36571